Optika

Saved in:
Bibliographic Details
Main Author: Malý, Petr (Author)
Format: Book
Language:Czech
Published: Praha : Univerzita Karlova, 2008
Edition:1. vyd.
Subjects:
Tags: Add Tag
No Tags, Be the first to tag this record!

MARC

LEADER 00000nam a22000003a 4500
001 stu164368
005 20230512105434.3
008 080529s2008----xr------------------cze-d
020 |a 978-80-246-1342-0 
040 |a STU  |b slo 
041 0 |a cze 
044 |a xr 
080 |a 535  |7 stu_us_auth*stu16839 
100 1 |a Malý, Petr  |4 aut 
245 1 |a Optika 
250 |a 1. vyd. 
260 |a Praha :  |b Univerzita Karlova,  |c 2008 
300 |a 361 s 
650 7 |a optika  |2 stusub 
996 |b 284J034745  |c J*110545  |l JJK14  |s P  |a 0  |w stu164368_0001 
996 |b 284J033861  |c J*109661  |l JJST  |s P  |a 0  |w stu164368_0003 
996 |b 284EK90317  |c E* 90317  |l EE01  |s A  |a 24  |w stu164368_0004